00497nam a2200169Ia 4500008004100000082002000041100002400061245002600085250000600111260003400117300001600151500002400167650001200191942000700203952010000210999001700310230524s9999 xx 000 0 und d a621.381952bSAX aSwati Saxena941951 0aComputer Organisation a1 aNew DelhibDhanpati Raic2012 a"XIX,552p;" aQuantity Number: 1 aComp-Sc cBK 00104070aTATCLbTATCLcGENd2023-05-24l0o621.381952 SAXp53815r2023-05-24w2023-05-24yBK c56368d56368